[Event "FIDE World Cup 2007"]
[Site "Khanty-Mansiysk"]
[Date "2007.11.30"]
[Round "3.1"]
[White "Grischuk, Alexander"]
[Black "Bareev, Evgeny"]
[Result "1/2-1/2"]
[WhiteElo "2715"]
[BlackElo "2653"]
[Annotator "Ëåáåäåâ Âàñèëèé"]
[PlyCount "63"]
[EventDate "2007.11.30"]

1. e4 c6 2. d4 d5 3. Nc3 dxe4 4. Nxe4 Bf5 5. Ng3 Bg6 6. h4 h6 7. Nf3 Nd7 8. h5
Bh7 9. Bd3 Bxd3 10. Qxd3 e6 ({
Äëÿ ïîíèìàíèÿ äàëüíåéøåãî íåîáõîäèìî âñïîìíèòü êëàññèêó -} 10... Qc7 11. Bd2 e6
12. O-O-O Ngf6 13. Ne4 Nxe4 14. Qxe4 O-O-O 15. g3 Be7 16. Kb1 Rhe8 17. c4 c5
18. Bf4 Bd6 19. Ne5 Nxe5 20. dxe5 Bf8 21. Be3 Rxd1+ 22. Rxd1 Rd8 23. Rxd8+ Qxd8
24. Kc2 Qa5 25. a3 Qa4+ 26. Kc1 Kc7 $2 (26... Be7 $142 {Ãåëëåð} 27. f4 Kc7 $140
28. g4) 27. Qf4 $1 Qd7 28. b3 Kd8 29. Kc2 Ke8 30. Qe4 Qc7 31. f4 Be7 32. g4 Bh4
33. f5 Bg3 34. fxe6 fxe6 35. Qg6+ Kf8 36. Qxe6 Bxe5 37. Kd3 $1 Bg3 38. Ke4 Bh2
39. Kf5 Bg3 40. Bd2 Bh2 41. Bc3 Qf7+ {1-0, Ãåëëåð - Ãîðò (Ñêîïëå 1968).}) 11.
Bd2 Ngf6 12. O-O-O Bd6 13. Ne4 Nxe4 14. Qxe4 {Ýòà ïîçèöèÿ âîçíèêàåò â îòâåò íà
1...ñ6 ÷óòü ëè íå àâòîìàòîì. È ñòîëü æå àâòîìàòè÷åñêè ÷¸ðíûå çäåñü â
áîëüøèíñòâå ñëó÷àåâ ïðîäîëæàëè...} Qe7 $5 {Íåò, íå òàê!} ({àâòîìàò -} 14...
Nf6 {è ò.ä.}) 15. Kb1 $146 ({
Â åäèíñòâåííîé ïàðòèè-ïðåäøåñòâåííèöå äåëà ðàçâîðà÷èâàëèñü òàê:} 15. Ne5 Nf6
16. Qe2 O-O-O 17. Rh3 Rhf8 18. Rb3 Bxe5 19. dxe5 Nd5 20. a4 Rd7 21. c4 Nc7 22.
Be3 Kb8 23. Rxd7 Qxd7 24. Bc5 Rd8 25. Bd6 Ka8 26. Rd3 Ne8 27. Qd2 f6 28. f4
fxe5 29. fxe5 Qf7 30. g4 Nxd6 31. exd6 e5 32. b3 e4 33. Rd4 Qf3 34. Qd1 Qe3+
35. Kc2 Qf2+ 36. Kb1 e3 37. Re4 a6 38. Qd3 {, è òåïåðü ïóò¸ì} Qg1+ ({
âìåñòî âñòðåòèâøåãîñÿ â ïàðòèè} 38... Qf6 39. c5 $18 {
- 1-0 Panopio,R - Yu,M/Tagaytay City 2004 (74).}) 39. Kb2 Qf2+ 40. Ka3 $140 e2
$1 ({èëè} 40... Qf6) 41. Qxe2 (41. Rxe2 Qc5+) 41... Qc5+ 42. Kb2 Qxd6 {
÷¸ðíûå óðàâíèâàëè ïîëîæåíèå.}) 15... O-O-O {Âûäåðæêà.} (15... Nf6 {
íåò äàæå è â íàì¸êå.}) 16. c4 ({Çàìåòêè íà áóäóùåå -} 16. Ba5 $5 Bc7 $140 (
16... Nb6 17. Rhe1) 17. Bxc7 Kxc7 18. d5 $1 $36) 16... Bc7 {
Òåïåðü âðàæåñêîìó ñëîíà ïóòü íà à5 çàêàçàí.} 17. Bc3 Kb8 18. Qe2 ({
Âñ¸ æ òàêè ïðîðûâ èì. Â.Êðàìíèêà ðàññìîòðåòü áûëî áû âåñüìà æåëàòåëüíî} 18. d5
$5 cxd5 19. Rxd5 $1 (19. cxd5 Nf6) 19... Nf6 20. Bxf6 Qxf6 (20... gxf6 21. Rhd1
) 21. Rb5 b6 22. g3 $1 $14 {Ïðåïÿòñòâóÿ âûñêàêèâàíèþ ñèëüíåéøåé ôèãóðû
ïðîòèâíèêà íà f4 è íàìåðåâàÿñü îðãàíèçîâàòü ïåøå÷íûé øòóðì íà ôåðçåâîì ôëàíãå}
) 18... Rhe8 19. Rhe1 Qf8 $5 {Âåñüìà íåòðèâèàëüíûé çàìûñåë, ñðàçó íàïîìíèâøèé
êëàññè÷åñêèå ìàí¸âðû Âåëèêîãî Àêèáû.} 20. a3 Qg8 {
Ãðîçèì âûïîëçòè íà h7. Íî íå òîëüêî...} 21. Qc2 Nf6 {Òîëüêî òåïåðü! Êîãäà óæå
íà êâàäðàòå ñ êîîðäèíàòàìè å4 äàâíî ðàñïðÿìèëàñü òðàâà ïîòîïòàííàÿ  íîãàìè
áåëîãî ôåðçÿ, ÷¸ðíûé êîíü âûõîäèò íà f6! Òîëüêî òåïåðü!} 22. Rh1 Ng4 23. Ne5
Nxe5 24. dxe5 {Èòàê âîçíèê «ïî÷òè êëàññè÷åñêèé» «êàðî-êàíèñòûé» ýíäøïèëü
(ñ ïåøêàìè íà å5 è ñ5), â êîòîðîì íà ñòîðîíå áåëûõ íåêîòîðûé ïåðåâåñ.} Rxd1+
25. Rxd1 g6 ({Â ñëó÷àå} 25... Rd8 26. Rxd8+ {ïîëó÷àëñÿ ýíäøïèëü, ïîõîæèé íà
òîò, ÷òî âîçíèê â ïàðòèè Ãåëëåð - Ãîðò (Ñêîïëå 1968), êîòîðóþ ñîâåòñêèé
ãðîññìåéñòåð äîâ¸ë äî ïîáåäû.}) 26. hxg6 fxg6 27. Rd3 ({
Óæàñíî õî÷åòñÿ ñûãðàòü àêòèâíî -} 27. Rd7 $5 {
Ñûãðàëè. Òåïåðü ñìîòðèì åñòü ëè â ýòîì õîäå ñìûñë.} Rd8 (27... Kc8 28. Qd3 Rd8
$140 $2 29. Rxd8+ Bxd8 30. Qe3 {ñ äâîéíûì óäàðîì íà à7 è h6}) 28. Rxd8+ (28.
Qd3 $5) 28... Bxd8 (28... Qxd8 $2 29. Qxg6) 29. Qd2 $36 {Ñìûñë âðîäå áðåçæèò...
}) 27... Qg7 28. Rf3 {Ëàäüÿ íàìåðåâàåòñÿ ïðûãíóòü íà f6.} ({Â ñëó÷àå} 28. Qd2
$5 {çåâàòü} Bxe5 $4 29. Rd8+ {÷¸ðíûå, êîíå÷íî íå îáÿçàíû.}) 28... Bxe5 29.
Bxe5+ Qxe5 30. Qxg6 Rd8 31. Re3 {Èíòåðåñíî áûëî áû óçíàòü ñêîëüêî âðåìåíè
ïîòðàòèëè áåëûå íà ýòîò õîä. Åñòü ïîäîçðåíèå, ÷òî îíè òóò óïóñòèëè íåêîòîðûå
øàíñû.} ({À øàíñû ýòè ñëåäîâàëî, ïî-ìîåìó èñêàòü íà ïóòè íà÷èíàþùåìñÿ ñ} 31.
Rf7 Qe2 32. Qg3+ e5 33. Qb3 b6 34. Qa4 {
Áåëûå «ïî÷òè» ;) ïîáåäèëè. Íî î÷åðåäü õîä ñåé÷àñ çà èõ ïðîòèâíèêîì.} Qe4+
35. Ka2 a5 36. Qb3 ({
ïðè ñâî¸ì ñ÷¸òå â ïîñëåäíåé ïàðòèè ìîæíî ñäåëàòü íè÷üþ -} 36. f3 Qg6 37. Re7
Qf6 38. Rh7 Qg6 {ñ âå÷íûì ïðåñëåäîâàíèåì ëàäüè}) 36... Qd4 {
Êàê ìû âèäèì, ïðàêòè÷åñêè âñå õîäû ÷¸ðíûõ â ýòîì âàðèàíòû - âûíóæäåííûå.} 37.
Rf6 Kc7 (37... Kb7 38. Qc2) 38. Qc2 $1 {Ãðîçèò ðåêîðäíûé ïðûæîê íà h7.} (38.
Rxh6 Qxf2) 38... e4 39. Rxh6 {Âîò è ïåøå÷êà â êàðìàí.} Rf8 $1 40. Rh7+ Kb8 41.
Qb3 $1 {è ïëîõî} Qxf2 ({à} 41... Rxf2 {âîîáùå íåëüçÿ èãðàòü -} 42. Qg3+ {
ñ ìàòîì}) 42. Qc3 $1 Qc5 $8 43. Rh8 $1 {È áåëûå âñ¸-òàêè âûèãðûâàþò ïåøêó (íà
å4). Ïðàâäà, ïîèñê îòâåòà íà âîïðîñ ïðèíîñèò ëè ýòî áåëûì ïîáåäó, îñòàâëþ
äðóãèì.}) (31. Qxh6 Qe4+ 32. Ka2 Qxc4+ 33. Rb3 Rd3) 31... Qf4 32. Qg3 {
È èãðà çàêîí÷èëàñü. Âíè÷üþ.} 1/2-1/2

[Event "FIDE World Cup 2007"]
[Site "Khanty-Mansiysk"]
[Date "2007.11.30"]
[Round "3.1"]
[White "Shirov, Alexei"]
[Black "Onischuk, Alexander"]
[Result "1/2-1/2"]
[WhiteElo "2739"]
[BlackElo "2674"]
[Annotator "Ëåáåäåâ Âàñèëèé"]
[PlyCount "78"]
[EventDate "2007.11.30"]

1. e4 e5 2. Nf3 Nc6 3. Bb5 a6 4. Ba4 Nf6 5. O-O Bc5 {Àðõàíãåëüñêèé âàðèàíò.
Ìåæäó ïðî÷èì, Àëåêñåé Øèðîâ èãðàåò åãî è áåëûìè, è ÷¸ðíûìè.} 6. c3 b5 7. Bb3
d6 8. a4 Bg4 9. axb5 axb5 10. Rxa8 Qxa8 11. h3 Bd7 $146 {
Êîíÿ íà ñ6, âèäèìî, ñëåäóåò ïîäêðåïèòü äîïîëíèòåëüíî.} ({Â ñëó÷àå} 11... Bxf3
12. Qxf3 O-O 13. d3 {î÷åíü îïàñíî äîâåðÿòü ïåðâîìó âïå÷àòëåíèþ. Èáî ñîâñåì
íå ñòîëü õîðîøî, êàê êàæåòñÿ,} Qa1 (13... Na5 $5 {
1/2 Jakovenko,D (2708) - Landa,K (2608)/Dresden GER 2007}) {
, ÷òî è ïîêàçàëà ñëåäóþùàÿ áëåñòÿùàÿ ïàðòèÿ} 14. Qe2 Na5 15. Bc2 b4 16. d4
exd4 17. cxb4 Bxb4 18. e5 dxe5 19. Bg5 Rb8 20. Bxf6 gxf6 21. Nc3 Qxb2 22. Nd5
Kf8 23. Nxf6 d3 24. Qxd3 e4 25. Nxh7+ Kg8 26. Qxe4 Qg7 27. Rb1 c5 28. Qf4 Rd8
29. Nf6+ Kf8 30. Rxb4 {(1-0 Smirnov,P (2631) - Sakaev,K (2633)/Sochi RUS 2007).
Ïîïûòêó îñìûñëåíèÿ å¸ ñì. âîò òóò - https://www.crestbook.com/?q=node/425}) ({
È ïóñêàé ïîñëå} 11... Bh5 {÷¸ðíûå òàêæå áûñòðî äîáèëèñü íè÷üåé, íî, âèäèìî,
èãðó áåëûõ òóò ìîæíî óñèëèòü.} 12. d3 O-O 13. Bg5 Nd7 14. g4 Bg6 15. Bd5 h6 16.
b4 hxg5 17. bxc5 Nxc5 18. Nxg5 Qd8 19. Bxc6 Qxg5 20. Bxb5 f5 21. Bc4+ Kh7 22.
exf5 Rxf5 23. h4 Qxh4 24. gxf5 Qg5+ 25. Kh2 Qh4+ {
(1/2 Sutovsky,E (2607) - Onischuk,A (2668)/Montreal 2006)}) 12. d4 Bb6 ({
Ïëîõî, êîíå÷íî,} 12... exd4 13. cxd4 Bb6 14. e5 {è ò.ä.}) 13. Bg5 Nxe4 {
Âûãëÿäèò âåñüìà îïàñíûì.} 14. Bd5 Nf6 $5 ({Òàê. Ñìîòðèì, ïî÷åìó íå} 14... Nxg5
15. Nxg5 f6 ({ëó÷øåå; «íå ðåêîìåíäóåòñÿ»} 15... O-O 16. Qh5 $18) 16. Qh5+ g6
17. Qf3 Ke7 $1 {Áðîíÿ êðåïêà! À êîíü íà ñ6 çàùèù¸í! Íî, äóìàåòñÿ, ÷òî
ðåøèòüñÿ íà òàêóþ èãðó ìîæíî òîëüêî ïîñëå îñíîâàòåëüíîãî äîìàøíåãî àíàëèçà.})
15. Bxf6 $5 ({Ìîæíî áûëî âûèãðàòü ïåøå÷êó -} 15. dxe5 $5 Nxd5 (15... dxe5 $4
16. Nxe5 $18) 16. Qxd5 O-O ({ïðîìåæóòîê} 16... h6 {âñòðå÷àåòñÿ ïðîìåæóòêîì æå}
17. exd6 $1 O-O ({à ïðè ñëó÷àå ìîæíî ðèíóòüñÿ è â àòàêó} 17... hxg5 $2 18.
Re1+ Kd8 ({åñëè} 18... Be6 {, òî} 19. Nxg5 Rh6 ({óäðàòü íå ïîëó÷èòñÿ -} 19...
O-O 20. Qe4 g6 21. Qh4 {è ò.ä.}) 20. Nxe6 ({îòûãðûâàòü ôèãóðó ïóò¸ì} 20. d7+ {
, âèäèìî, áûëî áû ñëàáåå -} Ke7 21. d8=Q+ Qxd8 22. Qxc6 Rf6 23. Ne4 Rf5 24. Na3
Qd3 $132) 20... fxe6 21. Rxe6+ Rxe6 22. Qxe6+ Kf8 23. Qf5+ Ke8 24. Na3 $16) 19.
Ne5 $1 Bxf2+ $8 20. Kxf2 Qa7+ {óõîäÿ èç-ïîä ñâÿçêè.} 21. Kg3 $5 Nxe5 22. Qxe5
f5 $1 {è êðóãîâåðòü íà äîñêå ïðîäîëæàåòñÿ. Ê ïðèìåðó, íè÷åãî áåëûì íå äà¸ò}
23. Qxg7 f4+ 24. Kf3 (24. Kh2 $4 Rxh3+ $1) 24... g4+ $1 25. hxg4 Bc6+ 26. Kxf4
Qf2+ 27. Kg5 {Î÷åâèäíî, åäèíñòâåííîå.} Qh4+ {ñ âå÷íûì øàõîì})) 17. exd6 cxd6
18. Qxd6 {è ò.ä.} ({õóæå} 18. Qxb5 Qb7 $1 $44)) 15... gxf6 16. dxe5 dxe5 ({
Ñëàáî} 16... fxe5 {ââèäó} 17. Ng5) 17. Bxf7+ {
Èíà÷å ðîêèðîâêà è èùè-ñâèùè ÷¸ðíîãî êîðîëÿ!} Ke7 (17... Kxf7 18. Qxd7+ Ne7
19. Qxb5 {è ò.ä.}) 18. Nh4 $6 {À âîò ýòîò õîä îêàçûâàåòñÿ ÿâíî íå òóäà...} (18.
Bd5 $1) 18... Qa4 $1 ({Íà äàðìîâùèíêó -} 18... Bxh3 19. Qh5 Nd8 20. Bb3 $36 {
÷¸ðíûå ðåøèëè íå ñîáëàçíÿòüñÿ, èáî âñåì èçâåñòíî ãäå ëåæèò áåñïëàòíûé ñûð.})
19. Qh5 Qf4 {Ïî-ìîåìó, óæå ìîæíî ãîâîðèòü î ïåðåõâàòå èíèöèàòèâû.} 20. Bd5 {
Ñ ìûñëÿìè î àòàêå ïðèõîäèòñÿ ðàññòàòüñÿ.} ({Íå ïðîõîäèò} 20. Ng6+ hxg6 21. Qxh8
Kxf7 22. Qh7+ Ke6 (22... Ke8 23. Qg8+ Ke7 24. Qg7+ Ke6) 23. Qg8+ Kf5 24. Qd5
Nb8 {è ò.ä. È ÿ áóäó î÷åíü óäèâë¸í, åñëè áåëûå òóò ìîãóò óñòîÿòü.}) 20... Be8
21. Qg4 (21. Qf5 $5) 21... Qxg4 22. hxg4 {È äàëüøå âñ¸ áûëî íå î÷åíü
èíòåðåñíî, ïîýòîìó îãðàíè÷óñü ìèíèìàëüíûìè ïðèìå÷àíèÿìè.} Bd7 23. Nd2 Rd8 (
23... Bxg4 $4 24. Bxc6) 24. Ndf3 Na5 25. g5 Bg4 26. Be4 fxg5 $6 (26... Nc4 $5
$36 27. b3 $140 Nd2 28. Nxd2 Rxd2 29. Bxh7 fxg5 30. Nf3 Bxf3 31. gxf3 {
, è áåëûõ åù¸  «ïîâîçÿò»}) 27. Nxe5 Be2 28. Re1 Rd1 29. Rxd1 Bxd1 30. Nhf3 h6
31. Kf1 Nb3 32. Bc6 $6 {Âðîäå íå ñ òîé ñòîðîíû...} ({
À òåïåðü «âîçèòü» ìîæíî áûëî ïîïûòàòüñÿ óæå ÷¸ðíûõ -} 32. Bd3 $5 {
, è ïåøêó ÷¸ðíûå âñ¸ æå âûíóæäåíû îòäàòü.}) 32... b4 $1 33. cxb4 Nd4 $1 $11
34. Nxd4 Bxd4 35. Nd3 Kd6 36. Be4 h5 37. f3 Bb3 38. Ke2 Bc4 39. Kd2 Bxd3 {
È ïîëó÷àåòñÿ ðàâíûé «ðàçíîöâåò», è, çíà÷èò, íè÷üÿ.} 1/2-1/2